[Event "45th FIDE Chess Olympiad Open"]
[Site "Budapest, Hungary"]
[Date "2024.09.20"]
[Round "9"]
[White "Shirliyev, Allayar"]
[Black "Noritsyn, Nikolay"]
[Result "1-0"]
[Board "112"]
[WhiteFideId "14004160"]
[BlackFideId "2604922"]
[BlackTitle "IM"]
[WhiteElo "2200"]
[BlackElo "2451"]
[WhiteTeam "Turkmenistan"]
[BlackTeam "Canada"]
[WhiteClock "0:07:19"]
[BlackClock "0:04:05"]
[Variant "Standard"]

1. e4 {[%clk 1:30:59]}  c5 {[%clk 1:30:52]} 2. Nc3 {[%clk 1:31:26]}  Nc6 {[%clk 1:31:14]} 3. Bb5 {[%clk 1:31:51]}  Nd4 {[%clk 1:31:35]} 4. Bc4 {[%clk 1:32:16]}  e6 {[%clk 1:31:54]} 5. Nge2 {[%clk 1:32:38]}  Nf6 {[%clk 1:32:11]} 6. O-O {[%clk 1:33:01]}  a6 {[%clk 1:32:30]} 7. Nxd4 {[%clk 1:31:22]}  cxd4 {[%clk 1:32:49]} 8. Ne2 {[%clk 1:31:47]}  Nxe4 {[%clk 1:32:22]} 9. Nxd4 {[%clk 1:30:55]}  b5 {[%clk 1:26:28]} 10. Bb3 {[%clk 1:28:33]}  Bb7 {[%clk 1:24:55]} 11. c3 {[%clk 1:26:06]}  Bd6 {[%clk 1:17:20]} 12. d3 {[%clk 1:20:53]}  Nf6 {[%clk 1:10:25]} 13. Re1 {[%clk 1:18:41]}  Qc7 {[%clk 1:07:10]} 14. h3 {[%clk 1:18:15]}  O-O {[%clk 1:00:10]} 15. Nf3 {[%clk 1:11:03]}  b4 {[%clk 0:50:55]} 16. c4 {[%clk 1:07:19]}  a5 {[%clk 0:50:58]} 17. Be3 {[%clk 1:00:02]}  Bf4 {[%clk 0:45:04]} 18. Qd2 {[%clk 0:48:39]}  Nh5 {[%clk 0:42:04]} 19. Bd1 {[%clk 0:48:24]}  Rae8 {[%clk 0:27:33]} 20. Nd4 {[%clk 0:35:30]}  Bxe3 {[%clk 0:27:18]} 21. fxe3 {[%clk 0:33:18]}  Nf6 {[%clk 0:26:02]} 22. a3 {[%clk 0:31:46]}  Rb8 {[%clk 0:23:25]} 23. axb4 {[%clk 0:25:45]}  axb4 {[%clk 0:23:50]} 24. Ra4 {[%clk 0:25:12]}  d5 {[%clk 0:18:25]} 25. Rxb4 {[%clk 0:17:05]}  Rfd8 {[%clk 0:18:39]} 26. cxd5 {[%clk 0:10:49]}  Nxd5 {[%clk 0:18:50]} 27. Rc4 {[%clk 0:10:31]}  Qb6 {[%clk 0:18:10]} 28. Bf3 {[%clk 0:08:03]}  g6 {[%clk 0:14:20]} 29. Rec1 {[%clk 0:05:30]}  e5 {[%clk 0:13:06]} 30. Nc6 {[%clk 0:01:45]}  Bxc6 {[%clk 0:12:30]} 31. Rxc6 {[%clk 0:02:10]}  Qxe3+ {[%clk 0:12:54]} 32. Qxe3 {[%clk 0:01:59]}  Nxe3 {[%clk 0:13:19]} 33. R6c3 {[%clk 0:00:33]}  Rxb2 {[%clk 0:10:36]} 34. Re1 {[%clk 0:00:53]}  Nd5 {[%clk 0:11:00]} 35. Ra3 {[%clk 0:01:18]}  f6 {[%clk 0:07:20]} 36. Ra8 {[%clk 0:01:36]}  Rxa8 {[%clk 0:06:08]} 37. Bxd5+ {[%clk 0:01:57]}  Kg7 {[%clk 0:06:35]} 38. Bxa8 {[%clk 0:02:19]}  Rd2 {[%clk 0:07:02]} 39. Re3 {[%clk 0:02:31]}  f5 {[%clk 0:07:13]} 40. Bd5 {[%clk 0:01:56]}  Kf6 {[%clk 0:07:35]} 41. Bc4 {[%clk 0:02:07]}  Rc2 {[%clk 0:06:49]} 42. Bd5 {[%clk 0:01:32]}  Rc5 {[%clk 0:06:17]} 43. Bg8 {[%clk 0:01:03]}  Kg7 {[%clk 0:05:29]} 44. Ba2 {[%clk 0:25:57]}  Kf6 {[%clk 0:35:38]} 45. Re2 {[%clk 0:24:19]}  Rc3 {[%clk 0:35:27]} 46. Rd2 {[%clk 0:24:28]}  Kg5 {[%clk 0:32:45]} 47. Kf2 {[%clk 0:24:45]}  Kf4 {[%clk 0:31:42]} 48. Bg8 {[%clk 0:23:28]}  Rc7 {[%clk 0:30:56]} 49. Re2 {[%clk 0:23:21]}  Re7 {[%clk 0:29:34]} 50. Ra2 {[%clk 0:19:31]}  Kg5 {[%clk 0:28:58]} 51. Ra5 {[%clk 0:18:39]}  Kh4 {[%clk 0:25:41]} 52. Ra4+ {[%clk 0:16:24]}  Kg5 {[%clk 0:26:06]} 53. Ke3 {[%clk 0:16:20]}  Rg7 {[%clk 0:24:52]} 54. Ba2 {[%clk 0:16:44]}  Rc7 {[%clk 0:22:18]} 55. Ra5 {[%clk 0:15:46]}  Rc2 {[%clk 0:21:42]} 56. Bd5 {[%clk 0:15:57]}  Rc3 {[%clk 0:17:44]} 57. Bf3 {[%clk 0:15:54]}  Kf6 {[%clk 0:17:49]} 58. Kd2 {[%clk 0:13:56]}  Rc7 {[%clk 0:16:15]} 59. Rb5 {[%clk 0:14:08]}  Ra7 {[%clk 0:15:16]} 60. Rb7 {[%clk 0:13:57]}  Ra2+ {[%clk 0:15:36]} 61. Kc3 {[%clk 0:12:18]}  Ra3+ {[%clk 0:13:14]} 62. Kc2 {[%clk 0:12:21]}  h5 {[%clk 0:13:29]} 63. Rb6+ {[%clk 0:12:40]}  Kg5 {[%clk 0:13:39]} 64. Bd5 {[%clk 0:10:42]}  Ra7 {[%clk 0:04:40]} 65. Re6 {[%clk 0:10:37]}  Ra5 {[%clk 0:03:33]} 66. Rxe5 {[%clk 0:09:59]}  Kf4 {[%clk 0:03:55]} 67. d4 {[%clk 0:10:20]}  Kg3 {[%clk 0:03:36]} 68. Bf3 {[%clk 0:10:12]}  Ra4 {[%clk 0:03:08]} 69. d5 {[%clk 0:10:18]}  Ra5 {[%clk 0:03:34]} 70. Re8 {[%clk 0:08:03]}  Ra7 {[%clk 0:03:27]} 71. d6 {[%clk 0:08:10]}  g5 {[%clk 0:03:44]} 72. Bc6 {[%clk 0:07:25]}  Ra6 {[%clk 0:04:05]} 73. Rc8 {[%clk 0:07:19]} 1-0

[Event "45th FIDE Chess Olympiad Open"]
[Site "Budapest, Hungary"]
[Date "2024.09.20"]
[Round "9"]
[White "Sadorra, Julio Catalino"]
[Black "Salem, A.R. Saleh"]
[Result "1-0"]
[Board "113"]
[WhiteFideId "5201268"]
[BlackFideId "9301348"]
[WhiteTitle "GM"]
[BlackTitle "GM"]
[WhiteElo "2542"]
[BlackElo "2631"]
[WhiteTeam "Philippines"]
[BlackTeam "United Arab Emirates"]
[WhiteClock "0:05:19"]
[BlackClock "0:03:33"]
[Variant "Standard"]

1. d4 {[%clk 1:30:47]}  Nf6 {[%clk 1:30:52]} 2. c4 {[%clk 1:31:09]}  g6 {[%clk 1:31:19]} 3. Nc3 {[%clk 1:31:28]}  Bg7 {[%clk 1:31:36]} 4. Nf3 {[%clk 1:31:39]}  O-O {[%clk 1:31:33]} 5. Bg5 {[%clk 1:31:58]}  h6 {[%clk 1:27:39]} 6. Bh4 {[%clk 1:32:11]}  c5 {[%clk 1:26:09]} 7. d5 {[%clk 1:32:28]}  d6 {[%clk 1:25:43]} 8. e3 {[%clk 1:32:39]}  Qb6 {[%clk 1:23:58]} 9. Rb1 {[%clk 1:32:19]}  Qa5 {[%clk 1:12:31]} 10. Bd3 {[%clk 1:29:04]}  Bg4 {[%clk 1:04:34]} 11. h3 {[%clk 1:19:39]}  Bxf3 {[%clk 1:04:56]} 12. gxf3 {[%clk 1:20:01]}  b5 {[%clk 0:41:30]} 13. cxb5 {[%clk 1:16:12]}  a6 {[%clk 0:39:30]} 14. Kf1 {[%clk 0:57:05]}  Rc8 {[%clk 0:36:20]} 15. a4 {[%clk 0:47:34]}  c4 {[%clk 0:34:49]} 16. Bc2 {[%clk 0:47:45]}  axb5 {[%clk 0:34:26]} 17. axb5 {[%clk 0:47:36]}  Nbd7 {[%clk 0:34:12]} 18. f4 {[%clk 0:38:55]}  Kf8 {[%clk 0:30:27]} 19. Rg1 {[%clk 0:34:20]}  Nc5 {[%clk 0:27:08]} 20. Kg2 {[%clk 0:30:26]}  Nfd7 {[%clk 0:25:29]} 21. Kh2 {[%clk 0:23:43]}  Bxc3 {[%clk 0:21:31]} 22. bxc3 {[%clk 0:24:02]}  Qxc3 {[%clk 0:21:58]} 23. Bxg6 {[%clk 0:23:48]}  fxg6 {[%clk 0:21:06]} 24. Rxg6 {[%clk 0:22:29]}  Ne5 {[%clk 0:08:25]} 25. fxe5 {[%clk 0:18:43]}  Qxe5+ {[%clk 0:08:50]} 26. Bg3 {[%clk 0:18:43]}  Qf5 {[%clk 0:08:37]} 27. Rxh6 {[%clk 0:16:03]}  Nd3 {[%clk 0:08:35]} 28. e4 {[%clk 0:09:00]}  Qxe4 {[%clk 0:03:48]} 29. Qh5 {[%clk 0:07:45]}  Ne5 {[%clk 0:04:12]} 30. Rh8+ {[%clk 0:04:14]}  Kg7 {[%clk 0:04:38]} 31. Rh7+ {[%clk 0:04:27]}  Kf8 {[%clk 0:04:37]} 32. Qh6+ {[%clk 0:04:50]}  Ke8 {[%clk 0:05:02]} 33. Rxe7+ {[%clk 0:05:14]}  Kxe7 {[%clk 0:05:25]} 34. Bh4+ {[%clk 0:05:39]}  Ke8 {[%clk 0:03:33]} 35. Qh8+ {[%clk 0:05:19]} 1-0

[Event "45th FIDE Chess Olympiad Open"]
[Site "Budapest, Hungary"]
[Date "2024.09.20"]
[Round "9"]
[White "Al Hosani, Omran"]
[Black "Quizon, Daniel"]
[Result "0-1"]
[Board "114"]
[WhiteFideId "9308733"]
[BlackFideId "5217911"]
[WhiteTitle "IM"]
[BlackTitle "IM"]
[WhiteElo "2241"]
[BlackElo "2490"]
[WhiteTeam "United Arab Emirates"]
[BlackTeam "Philippines"]
[WhiteClock "0:29:57"]
[BlackClock "0:34:39"]
[Variant "Standard"]

1. d4 {[%clk 1:30:47]}  Nf6 {[%clk 1:29:17]} 2. c4 {[%clk 1:31:04]}  g6 {[%clk 1:27:58]} 3. Nc3 {[%clk 1:28:41]}  Bg7 {[%clk 1:28:19]} 4. e4 {[%clk 1:28:55]}  d6 {[%clk 1:28:42]} 5. Be2 {[%clk 1:28:38]}  c5 {[%clk 1:27:52]} 6. Nf3 {[%clk 1:28:36]}  cxd4 {[%clk 1:25:54]} 7. Nxd4 {[%clk 1:28:52]}  O-O {[%clk 1:26:17]} 8. O-O {[%clk 1:29:08]}  Nc6 {[%clk 1:26:41]} 9. Be3 {[%clk 1:29:00]}  Bd7 {[%clk 1:26:14]} 10. Nc2 {[%clk 1:29:11]}  Rc8 {[%clk 1:26:28]} 11. f3 {[%clk 1:23:35]}  a6 {[%clk 1:25:55]} 12. Qd2 {[%clk 1:22:37]}  Ne5 {[%clk 1:18:22]} 13. Na3 {[%clk 1:05:41]}  Be6 {[%clk 0:58:34]} 14. Nd5 {[%clk 0:58:29]}  Bxd5 {[%clk 0:55:35]} 15. cxd5 {[%clk 0:58:47]}  Qd7 {[%clk 0:55:10]} 16. Rac1 {[%clk 0:58:34]}  e6 {[%clk 0:54:01]} 17. Nc4 {[%clk 0:45:18]}  Nxc4 {[%clk 0:52:38]} 18. Bxc4 {[%clk 0:42:44]}  exd5 {[%clk 0:38:36]} 19. Bxd5 {[%clk 0:42:34]}  Nxd5 {[%clk 0:38:42]} 20. Qxd5 {[%clk 0:42:54]}  Rc6 {[%clk 0:37:42]} 21. b3 {[%clk 0:41:51]}  Rfc8 {[%clk 0:38:04]} 22. Rfd1 {[%clk 0:34:46]}  Qe6 {[%clk 0:36:20]} 23. Rxc6 {[%clk 0:31:16]}  Rxc6 {[%clk 0:36:40]} 24. Bf4 {[%clk 0:26:57]}  Bf8 {[%clk 0:33:40]} 25. Rc1 {[%clk 0:20:20]}  Qf6 {[%clk 0:31:47]} 26. Qd2 {[%clk 0:20:10]}  h5 {[%clk 0:26:05]} 27. h3 {[%clk 0:19:00]}  d5 {[%clk 0:21:36]} 28. exd5 {[%clk 0:17:48]}  Rxc1+ {[%clk 0:21:48]} 29. Qxc1 {[%clk 0:18:09]}  Qd4+ {[%clk 0:22:16]} 30. Be3 {[%clk 0:18:14]}  Qxd5 {[%clk 0:22:44]} 31. Qd2 {[%clk 0:18:32]}  Qe6 {[%clk 0:22:34]} 32. Bd4 {[%clk 0:17:08]}  Qf5 {[%clk 0:16:41]} 33. Qe1 {[%clk 0:16:02]}  Bg7 {[%clk 0:16:15]} 34. Bxg7 {[%clk 0:16:12]}  Kxg7 {[%clk 0:16:43]} 35. Qc3+ {[%clk 0:15:23]}  Kh7 {[%clk 0:16:34]} 36. a4 {[%clk 0:14:00]}  Qd5 {[%clk 0:16:45]} 37. Kf2 {[%clk 0:14:20]}  Kg8 {[%clk 0:13:09]} 38. Qc8+ {[%clk 0:14:31]}  Kg7 {[%clk 0:13:26]} 39. Qc3+ {[%clk 0:14:52]}  Kf8 {[%clk 0:13:36]} 40. Qc8+ {[%clk 0:12:06]}  Ke7 {[%clk 0:13:46]} 41. Qc7+ {[%clk 0:11:51]}  Ke6 {[%clk 0:09:01]} 42. Qc8+ {[%clk 0:11:18]}  Kd6 {[%clk 0:05:40]} 43. Qd8+ {[%clk 0:10:16]}  Kc5 {[%clk 0:03:14]} 44. Qa5+ {[%clk 0:09:40]}  Kc6 {[%clk 0:03:12]} 45. Qxd5+ {[%clk 0:01:14]}  Kxd5 {[%clk 0:03:20]} 46. Ke3 {[%clk 0:01:34]}  Kc5 {[%clk 0:01:21]} 47. Kd3 {[%clk 0:29:44]}  Kb4 {[%clk 0:31:34]} 48. Kc2 {[%clk 0:30:08]}  h4 {[%clk 0:31:57]} 49. Kb2 {[%clk 0:29:50]}  g5 {[%clk 0:32:17]} 50. Kc2 {[%clk 0:30:04]}  b6 {[%clk 0:32:38]} 51. Kb2 {[%clk 0:30:27]}  b5 {[%clk 0:33:02]} 52. axb5 {[%clk 0:30:32]}  axb5 {[%clk 0:33:30]} 53. Kc2 {[%clk 0:30:14]}  Ka3 {[%clk 0:33:53]} 54. Kc3 {[%clk 0:29:41]}  b4 {[%clk 0:34:14]} 55. Kc4 {[%clk 0:29:57]}  f6 {[%clk 0:34:39]} 0-1

[Event "45th FIDE Chess Olympiad Open"]
[Site "Budapest, Hungary"]
[Date "2024.09.20"]
[Round "9"]
[White "Bersamina, Paulo"]
[Black "Ammar, Sedrani"]
[Result "1-0"]
[Board "115"]
[WhiteFideId "5206995"]
[BlackFideId "9312331"]
[WhiteTitle "IM"]
[BlackTitle "FM"]
[WhiteElo "2425"]
[BlackElo "2226"]
[WhiteTeam "Philippines"]
[BlackTeam "United Arab Emirates"]
[WhiteClock "0:37:55"]
[BlackClock "0:07:19"]
[Variant "Standard"]

1. e4 {[%clk 1:30:58]}  c6 {[%clk 1:30:13]} 2. d4 {[%clk 1:31:20]}  d5 {[%clk 1:30:37]} 3. Nd2 {[%clk 1:31:46]}  dxe4 {[%clk 1:31:03]} 4. Nxe4 {[%clk 1:32:11]}  Nf6 {[%clk 1:31:30]} 5. Nxf6+ {[%clk 1:32:19]}  exf6 {[%clk 1:31:58]} 6. c3 {[%clk 1:32:39]}  Bd6 {[%clk 1:32:23]} 7. Bd3 {[%clk 1:33:04]}  O-O {[%clk 1:32:48]} 8. Qc2 {[%clk 1:33:29]}  Re8+ {[%clk 1:33:16]} 9. Ne2 {[%clk 1:33:50]}  h5 {[%clk 1:33:42]} 10. O-O {[%clk 1:29:13]}  Nd7 {[%clk 1:32:24]} 11. Ng3 {[%clk 1:25:15]}  Qc7 {[%clk 1:24:17]} 12. Nxh5 {[%clk 1:22:41]}  Bxh2+ {[%clk 1:24:19]} 13. Kh1 {[%clk 1:23:06]}  Bd6 {[%clk 1:24:19]} 14. Bh6 {[%clk 1:23:04]}  gxh6 {[%clk 1:09:49]} 15. Bc4 {[%clk 1:23:21]}  Kh8 {[%clk 0:47:01]} 16. Bxf7 {[%clk 1:23:39]}  Re7 {[%clk 0:43:25]} 17. Qg6 {[%clk 1:23:39]}  Rxf7 {[%clk 0:43:33]} 18. Qxf7 {[%clk 1:24:02]}  Nf8 {[%clk 0:43:17]} 19. Qxf6+ {[%clk 1:23:43]}  Kh7 {[%clk 0:43:16]} 20. Rae1 {[%clk 1:21:53]}  Bg4 {[%clk 0:39:35]} 21. Qh4 {[%clk 1:07:29]}  Bxh5 {[%clk 0:34:33]} 22. Qxh5 {[%clk 1:07:56]}  Qg7 {[%clk 0:32:46]} 23. Qf5+ {[%clk 1:05:01]}  Kh8 {[%clk 0:30:48]} 24. g3 {[%clk 1:01:40]}  Rd8 {[%clk 0:31:01]} 25. Re4 {[%clk 0:58:50]}  Ng6 {[%clk 0:25:23]} 26. Rfe1 {[%clk 0:56:16]}  Kh7 {[%clk 0:24:06]} 27. Re8 {[%clk 0:54:50]}  Rd7 {[%clk 0:24:20]} 28. R1e6 {[%clk 0:53:16]}  Rf7 {[%clk 0:23:49]} 29. Qe4 {[%clk 0:53:30]}  Bf8 {[%clk 0:20:41]} 30. f4 {[%clk 0:53:03]}  h5 {[%clk 0:16:13]} 31. Re5 {[%clk 0:40:19]}  h4 {[%clk 0:10:50]} 32. Rh5+ {[%clk 0:38:15]}  Kg8 {[%clk 0:11:17]} 33. Re6 {[%clk 0:37:59]}  Rf6 {[%clk 0:09:16]} 34. Rg5 {[%clk 0:38:02]}  hxg3 {[%clk 0:07:19]} 35. Rxg6 {[%clk 0:37:55]} 1-0

[Event "45th FIDE Chess Olympiad Open"]
[Site "Budapest, Hungary"]
[Date "2024.09.20"]
[Round "9"]
[White "Ahmed, Fareed"]
[Black "Garcia, Jan Emmanuel"]
[Result "0-1"]
[Board "116"]
[WhiteFideId "9303677"]
[BlackFideId "5200750"]
[WhiteTitle "FM"]
[BlackTitle "IM"]
[WhiteElo "2061"]
[BlackElo "2380"]
[WhiteTeam "United Arab Emirates"]
[BlackTeam "Philippines"]
[WhiteClock "0:02:57"]
[BlackClock "0:01:37"]
[Variant "Standard"]

1. e4 {[%clk 1:30:44]}  e5 {[%clk 1:30:35]} 2. Nf3 {[%clk 1:31:01]}  Nc6 {[%clk 1:30:54]} 3. Bb5 {[%clk 1:31:14]}  a6 {[%clk 1:28:49]} 4. Ba4 {[%clk 1:31:26]}  Nf6 {[%clk 1:28:35]} 5. O-O {[%clk 1:31:05]}  Be7 {[%clk 1:27:37]} 6. d3 {[%clk 1:30:45]}  d6 {[%clk 1:25:55]} 7. c3 {[%clk 1:29:55]}  O-O {[%clk 1:23:29]} 8. Re1 {[%clk 1:23:09]}  b5 {[%clk 1:20:58]} 9. Bc2 {[%clk 1:23:19]}  Nb8 {[%clk 1:18:38]} 10. d4 {[%clk 1:19:48]}  Nbd7 {[%clk 1:18:39]} 11. Nbd2 {[%clk 1:19:55]}  Bb7 {[%clk 1:18:20]} 12. Nf1 {[%clk 1:19:34]}  Re8 {[%clk 1:17:53]} 13. Bg5 {[%clk 1:01:02]}  h6 {[%clk 1:12:16]} 14. Bh4 {[%clk 0:58:36]}  Nh7 {[%clk 1:00:31]} 15. Bg3 {[%clk 0:59:02]}  Bf6 {[%clk 0:58:02]} 16. dxe5 {[%clk 0:49:38]}  Nxe5 {[%clk 0:53:52]} 17. Nxe5 {[%clk 0:48:58]}  Bxe5 {[%clk 0:51:10]} 18. f4 {[%clk 0:48:09]}  Bf6 {[%clk 0:50:43]} 19. Qh5 {[%clk 0:45:28]}  Qd7 {[%clk 0:36:12]} 20. e5 {[%clk 0:26:28]}  dxe5 {[%clk 0:21:09]} 21. Rad1 {[%clk 0:25:14]}  Qc6 {[%clk 0:19:28]} 22. Be4 {[%clk 0:25:39]}  Qb6+ {[%clk 0:19:46]} 23. Bf2 {[%clk 0:26:04]}  c5 {[%clk 0:20:05]} 24. Bxb7 {[%clk 0:24:19]}  Qxb7 {[%clk 0:19:01]} 25. fxe5 {[%clk 0:24:40]}  g6 {[%clk 0:14:54]} 26. Qxh6 {[%clk 0:24:49]}  Rxe5 {[%clk 0:13:54]} 27. Rxe5 {[%clk 0:24:24]}  Bxe5 {[%clk 0:14:20]} 28. Bxc5 {[%clk 0:24:12]}  Re8 {[%clk 0:14:02]} 29. Rd3 {[%clk 0:15:55]}  Qc7 {[%clk 0:12:32]} 30. Bd4 {[%clk 0:13:39]}  Bxd4+ {[%clk 0:10:37]} 31. cxd4 {[%clk 0:14:06]}  Qc4 {[%clk 0:10:24]} 32. Qd2 {[%clk 0:12:06]}  Qxa2 {[%clk 0:10:23]} 33. d5 {[%clk 0:11:44]}  Rd8 {[%clk 0:09:49]} 34. Rd4 {[%clk 0:08:54]}  Rd6 {[%clk 0:06:01]} 35. h3 {[%clk 0:04:05]}  Qb1 {[%clk 0:04:44]} 36. Qe2 {[%clk 0:01:05]}  Qc1 {[%clk 0:04:00]} 37. Kh2 {[%clk 0:00:38]}  Qg5 {[%clk 0:02:58]} 38. Qe3 {[%clk 0:00:34]}  Qd8 {[%clk 0:00:47]} 39. Qe5 {[%clk 0:00:33]}  Qf6 {[%clk 0:00:39]} 40. Qxf6 {[%clk 0:00:43]}  Nxf6 {[%clk 0:01:01]} 41. Ne3 {[%clk 0:00:56]}  a5 {[%clk 0:00:35]} 42. g4 {[%clk 0:27:49]}  Kg7 {[%clk 0:26:25]} 43. Kg3 {[%clk 0:26:07]}  Ne8 {[%clk 0:26:12]} 44. Rd1 {[%clk 0:25:06]}  Rd8 {[%clk 0:25:12]} 45. Kf4 {[%clk 0:22:23]}  Nd6 {[%clk 0:15:52]} 46. Ke5 {[%clk 0:17:37]}  f6+ {[%clk 0:15:22]} 47. Kd4 {[%clk 0:15:44]}  Rc8 {[%clk 0:14:55]} 48. Rd2 {[%clk 0:15:42]}  b4 {[%clk 0:06:17]} 49. Rc2 {[%clk 0:15:05]}  Nb5+ {[%clk 0:06:37]} 50. Kd3 {[%clk 0:15:19]}  Rb8 {[%clk 0:06:53]} 51. Rc6 {[%clk 0:12:35]}  a4 {[%clk 0:06:44]} 52. Ra6 {[%clk 0:11:24]}  a3 {[%clk 0:06:45]} 53. b3 {[%clk 0:09:57]}  Rc8 {[%clk 0:06:22]} 54. Nc4 {[%clk 0:09:43]}  Rh8 {[%clk 0:06:40]} 55. Nd2 {[%clk 0:07:47]}  Rd8 {[%clk 0:05:11]} 56. Kc4 {[%clk 0:05:07]}  Rxd5 {[%clk 0:05:28]} 57. Nf3 {[%clk 0:04:42]}  Rd6 {[%clk 0:03:47]} 58. Ra5 {[%clk 0:04:13]}  Rb6 {[%clk 0:02:23]} 59. Kc5 {[%clk 0:01:19]}  Rb8 {[%clk 0:02:32]} 60. Ne1 {[%clk 0:01:18]}  Nc3 {[%clk 0:02:34]} 61. Nd3 {[%clk 0:00:49]}  Ne4+ {[%clk 0:00:52]} 62. Kd4 {[%clk 0:00:46]}  Nd2 {[%clk 0:01:18]} 63. Ke3 {[%clk 0:00:31]}  Nxb3 {[%clk 0:01:39]} 64. Ra4 {[%clk 0:00:52]}  Kh6 {[%clk 0:01:26]} 65. h4 {[%clk 0:00:52]}  Rd8 {[%clk 0:01:09]} 66. Nxb4 {[%clk 0:00:44]}  Rd4 {[%clk 0:01:23]} 67. Rxa3 {[%clk 0:00:35]}  Rxb4 {[%clk 0:01:51]} 68. Kf3 {[%clk 0:00:42]}  Nd4+ {[%clk 0:02:08]} 69. Kf2 {[%clk 0:00:45]}  Rb2+ {[%clk 0:02:11]} 70. Kg3 {[%clk 0:01:12]}  Rb3+ {[%clk 0:02:28]} 71. Rxb3 {[%clk 0:01:40]}  Nxb3 {[%clk 0:02:57]} 72. Kf4 {[%clk 0:01:54]}  Nc5 {[%clk 0:02:53]} 73. Ke3 {[%clk 0:02:13]}  g5 {[%clk 0:01:10]} 74. h5 {[%clk 0:02:31]}  Ne6 {[%clk 0:01:19]} 75. Ke4 {[%clk 0:02:57]}  Ng7 {[%clk 0:01:37]} 0-1

[Event "45th FIDE Chess Olympiad Open"]
[Site "Budapest, Hungary"]
[Date "2024.09.20"]
[Round "9"]
[White "Miguel, Sergio"]
[Black "Kuybokarov, Temur"]
[Result "1-0"]
[Board "117"]
[WhiteFideId "10100792"]
[BlackFideId "14203049"]
[WhiteTitle "FM"]
[BlackTitle "GM"]
[WhiteElo "2241"]
[BlackElo "2562"]
[WhiteTeam "Angola"]
[BlackTeam "Australia"]
[WhiteClock "0:19:40"]
[BlackClock "0:23:02"]
[Variant "Standard"]

1. e4 {[%clk 1:30:51]}  c5 {[%clk 1:30:49]} 2. Nf3 {[%clk 1:31:10]}  Nc6 {[%clk 1:31:04]} 3. d4 {[%clk 1:31:03]}  cxd4 {[%clk 1:31:20]} 4. Nxd4 {[%clk 1:31:31]}  g6 {[%clk 1:31:12]} 5. Nc3 {[%clk 1:30:59]}  Bg7 {[%clk 1:31:27]} 6. Be3 {[%clk 1:28:44]}  Nf6 {[%clk 1:31:45]} 7. Be2 {[%clk 1:27:43]}  O-O {[%clk 1:26:37]} 8. Nb3 {[%clk 1:23:17]}  d6 {[%clk 1:26:14]} 9. O-O {[%clk 1:21:38]}  Be6 {[%clk 1:25:54]} 10. f4 {[%clk 1:21:37]}  Qc8 {[%clk 1:21:35]} 11. Kh1 {[%clk 1:18:56]}  Rd8 {[%clk 1:20:00]} 12. Bf3 {[%clk 1:14:06]}  d5 {[%clk 1:17:57]} 13. Nxd5 {[%clk 1:02:51]}  Nxd5 {[%clk 1:05:41]} 14. exd5 {[%clk 1:03:13]}  Nb4 {[%clk 1:05:07]} 15. dxe6 {[%clk 0:39:02]}  Rxd1 {[%clk 1:04:57]} 16. exf7+ {[%clk 0:39:28]}  Kh8 {[%clk 0:42:41]} 17. Raxd1 {[%clk 0:37:50]}  Qe6 {[%clk 0:35:33]} 18. Bxb7 {[%clk 0:36:51]}  Rf8 {[%clk 0:33:36]} 19. Bc5 {[%clk 0:33:24]}  Nxc2 {[%clk 0:26:15]} 20. Bd5 {[%clk 0:29:52]}  Qf5 {[%clk 0:25:16]} 21. Bc4 {[%clk 0:22:26]}  a5 {[%clk 0:09:35]} 22. Bd3 {[%clk 0:17:07]}  Qc8 {[%clk 0:04:06]} 23. Bxc2 {[%clk 0:16:32]}  a4 {[%clk 0:04:31]} 24. Bxe7 {[%clk 0:16:40]}  Qxc2 {[%clk 0:02:59]} 25. Bxf8 {[%clk 0:16:09]}  Bxf8 {[%clk 0:02:55]} 26. Nd4 {[%clk 0:15:13]}  Qc4 {[%clk 0:02:04]} 27. f5 {[%clk 0:14:08]}  gxf5 {[%clk 0:02:25]} 28. Nxf5 {[%clk 0:13:48]}  h5 {[%clk 0:01:15]} 29. b3 {[%clk 0:07:39]}  axb3 {[%clk 0:01:29]} 30. axb3 {[%clk 0:08:07]}  Qa6 {[%clk 0:00:33]} 31. Rf3 {[%clk 0:06:16]}  Kh7 {[%clk 0:00:41]} 32. h3 {[%clk 0:05:51]}  Qe2 {[%clk 0:00:43]} 33. Rdf1 {[%clk 0:04:34]}  Qa6 {[%clk 0:00:36]} 34. Rf4 {[%clk 0:02:57]}  Qb5 {[%clk 0:00:41]} 35. b4 {[%clk 0:02:01]}  Qa6 {[%clk 0:00:33]} 36. Rb1 {[%clk 0:02:10]}  Kg6 {[%clk 0:00:32]} 37. b5 {[%clk 0:01:38]}  Qa2 {[%clk 0:00:46]} 38. Nh4+ {[%clk 0:01:35]}  Kg5 {[%clk 0:00:58]} 39. Rf5+ {[%clk 0:01:50]}  Kxh4 {[%clk 0:01:22]} 40. Rd1 {[%clk 0:01:27]}  Qc4 {[%clk 0:00:54]} 41. b6 {[%clk 0:24:10]}  Qa4 {[%clk 0:23:02]} 42. Kh2 {[%clk 0:19:40]} 1-0

[Event "45th FIDE Chess Olympiad Open"]
[Site "Budapest, Hungary"]
[Date "2024.09.20"]
[Round "9"]
[White "Cheng, Bobby"]
[Black "Sapalo, Gabriel"]
[Result "1-0"]
[Board "118"]
[WhiteFideId "4300033"]
[BlackFideId "10100717"]
[WhiteTitle "GM"]
[WhiteElo "2588"]
[BlackElo "2058"]
[WhiteTeam "Australia"]
[BlackTeam "Angola"]
[WhiteClock "0:22:15"]
[BlackClock "0:13:33"]
[Variant "Standard"]

1. d4 {[%clk 1:30:57]}  Nf6 {[%clk 1:26:18]} 2. c4 {[%clk 1:31:21]}  e6 {[%clk 1:25:24]} 3. Nc3 {[%clk 1:30:29]}  d5 {[%clk 1:25:20]} 4. cxd5 {[%clk 1:30:21]}  exd5 {[%clk 1:25:35]} 5. Bg5 {[%clk 1:30:36]}  Be7 {[%clk 1:25:32]} 6. e3 {[%clk 1:30:47]}  h6 {[%clk 1:25:41]} 7. Bh4 {[%clk 1:30:14]}  c6 {[%clk 1:25:01]} 8. Bd3 {[%clk 1:30:07]}  O-O {[%clk 1:24:58]} 9. Nge2 {[%clk 1:29:16]}  a5 {[%clk 1:23:11]} 10. O-O {[%clk 1:28:47]}  Ne4 {[%clk 1:21:59]} 11. Bxe7 {[%clk 1:26:22]}  Qxe7 {[%clk 1:22:07]} 12. Bxe4 {[%clk 1:10:57]}  dxe4 {[%clk 1:22:17]} 13. Qc2 {[%clk 1:11:22]}  Re8 {[%clk 1:18:45]} 14. Ng3 {[%clk 1:07:47]}  f5 {[%clk 1:17:19]} 15. f3 {[%clk 1:08:06]}  b5 {[%clk 1:07:53]} 16. fxe4 {[%clk 1:05:56]}  b4 {[%clk 0:55:46]} 17. Na4 {[%clk 1:04:04]}  fxe4 {[%clk 0:54:01]} 18. Rf4 {[%clk 1:01:34]}  Ba6 {[%clk 0:52:31]} 19. Nc5 {[%clk 0:55:21]}  Bd3 {[%clk 0:40:59]} 20. Qb3+ {[%clk 0:53:22]}  Kh8 {[%clk 0:41:09]} 21. Nf5 {[%clk 0:51:35]}  Qf6 {[%clk 0:37:59]} 22. Nh4 {[%clk 0:37:38]}  a4 {[%clk 0:30:25]} 23. Qxb4 {[%clk 0:35:09]}  Qg5 {[%clk 0:26:49]} 24. Qb7 {[%clk 0:34:07]}  Na6 {[%clk 0:26:19]} 25. Ne6 {[%clk 0:32:35]}  Rab8 {[%clk 0:24:00]} 26. Qf7 {[%clk 0:32:00]}  Rxe6 {[%clk 0:24:04]} 27. Qxe6 {[%clk 0:32:22]}  Nb4 {[%clk 0:19:33]} 28. Qd6 {[%clk 0:28:58]}  Na6 {[%clk 0:17:42]} 29. Ng6+ {[%clk 0:27:10]}  Kh7 {[%clk 0:17:00]} 30. Nf8+ {[%clk 0:26:33]}  Kg8 {[%clk 0:15:25]} 31. Ne6 {[%clk 0:25:21]}  Qg6 {[%clk 0:13:26]} 32. Rf8+ {[%clk 0:22:34]}  Rxf8 {[%clk 0:13:26]} 33. Qxf8+ {[%clk 0:23:00]}  Kh7 {[%clk 0:13:47]} 34. Qc8 {[%clk 0:22:03]}  Qf7 {[%clk 0:13:53]} 35. Nf8+ {[%clk 0:21:43]}  Kg8 {[%clk 0:14:04]} 36. Ng6+ {[%clk 0:21:53]}  Kh7 {[%clk 0:13:33]} 37. Ne5 {[%clk 0:22:15]} 1-0